000
00303nam a22001337a 4500
008
170627b xxu||||| |||| 00| 0 eng d
020
_a
9780830412488
041
_a
eng
080
_a
34
100
_a
13
101
_a
SHJ
245
_a
CORRECTIONAL THEORY AND PRACTICE
_c
HARTJEN, C.A
942
_2
udc
_c
BK
999
_c
19214
_d
19214